Zemianska Oľča : Pozoruhodnosti
Salvato in:
| Natura: | Libro |
|---|---|
| Lingua: | slovacco |
| Pubblicazione: |
Komárňanské tlačiarne,
1995
|
| Serie: | Malá vlastivedná knižnica
38 |
| Tags: |
Nessun Tag, puoi essere il primo ad aggiungerne!!
|
MARC
| LEADER | 00000nam a22000003a 4500 | ||
|---|---|---|---|
| 001 | stu51139 | ||
| 005 | 20141122025423.2 | ||
| 008 | 991130s1995------------------------slo-d | ||
| 020 | |a 8088804469 | ||
| 040 | |a STU |b slo | ||
| 041 | 0 | |a slo | |
| 245 | |a Zemianska Oľča : |b Pozoruhodnosti | ||
| 260 | |b Komárňanské tlačiarne, |c 1995 | ||
| 300 | |a 16 s | ||
| 830 | 0 | |a Malá vlastivedná knižnica |v 38 | |
| 996 | |b 284AB00544 |c A*566 B |l AAKNAR |s A |a 24 |w stu51139_0001 | ||